| 000 | 01211cam a22002413a 4500 | ||
|---|---|---|---|
| 001 | 17194 | ||
| 003 | PGUSA | ||
| 005 | 20140828083352.0 | ||
| 008 | 051130s2005||||xxu|||||s|||||000 | eng d | ||
| 040 |
_aPGUSA _beng |
||
| 042 | _adc | ||
| 050 | 4 | _aBL | |
| 100 | 1 |
_aTemple, Frederick, _d1821-1902 |
|
| 245 | 1 | 4 |
_aThe Relations Between Religion and Science : _bEight Lectures Preached Before the University of Oxford in the Year 1884 _h[electronic resource] / _cFrederick Temple |
| 260 |
_bProject Gutenberg, _c2005 |
||
| 505 | 0 | _aThe origin and nature of scientific belief -- The origin and nature of religious belief -- Apparent conflict between science and religion on free-will -- Apparent conflict between religion and the doctrine of evolution -- Revelation the means of developing and completing spiritual knowledge -- Aparent collision between religion and the doctrine of evolution -- Apparent collision of science with the claim to supernatural power -- The conclusion of the argument. | |
| 506 | _aPublic domain in the USA. | ||
| 516 | _aElectronic text | ||
| 653 | _aReligion and science | ||
| 830 | 0 |
_aProject Gutenberg _v17194 |
|
| 856 | 4 | 0 | _uhttp://www.gutenberg.org/ebooks/17194 |
| 942 | _cEB | ||
| 999 |
_c246449 _d246449 |
||